000
00287nam a22001337a 4500
008
170315b xxu||||| |||| 00| 0 eng d
020
_a
081380441/8
041
_a
eng
080
_2
6TH
_a
591
100
_a
7
101
_a
shm
245
_a
DISEASES OF SWINE
_c
LEMAN, A.D
942
_2
udc
_c
BK
999
_c
7794
_d
7794